01218cam a22003137a 4500003000500000005001700005008004100022010001000063011001000073035001000083040000900093082002300102245016700125250001000292260006000302300001100362590004100373590004100414590004100455590004200496650005100538700004900589901000700638905002300645942001000668949006500678999001700743952014400760CHAP20220329142340.0000904d1999 mx r 00110 eng d a82146 a83118 a93627 cCHAP04a327.7207bR42 199910aRecursos :ba directory of U.S. organizations and institutions dedicated to advancing mutual understanding with Mexicoc/comp. and ed. by Cynthia Hawes Lavanderos a2 ed. aMéxico, D. F. :bBiblioteca Benjamin Franklin,c1999. a167 p. aBATCH-UPDb10c20130110lUCH01h0450 aBATCH-UPDb10c20130410lUCH01h0126 aBATCH-UPDb10c20130914lUCH01h1603 aCONVERSIONb10c20130109lUCH01h134614aMéxicoxRelaciones exterioresxE.U.A.9767920 aHawes Lavanderos, Cynthiaecomp.eed.953130 aBK aLilia Sánchez G. cLIBRO a327.7207 R42 1999bBCcCd33724000788345eCh98572i93627sb c82146d82146 00102ddc4051708CaBCbBCcPA_CONSULTAd2019-12-31fLIBROl0o327.7207 R42 1999p33724000788345r2019-12-31 00:00:00w2019-12-31yLIBRO